Diseño de espacios comerciales, arquitectura de centros comerciales y tiendas

Bibliographic Details
Main Author: Minguet, Felisa
Format: Section = Libro
Language:Undetermined
Spanish
Published: España Instituto Monsa de Ediciones S.A 2005
Subjects:
LEADER 00674nam a2200217Ia 4500
008 240829s9999 xx 000 0 und d
020 |a 84-96096-80-7 
040 |a BIBLIOTECA-RUSB/ Ref 725.21 M664 
041 |a spa 
082 |a Ref 725.21 M664 
100 1 |a Minguet, Felisa 
245 1 0 |a Diseño de espacios comerciales, arquitectura de centros comerciales y tiendas 
260 |a España  |b Instituto Monsa de Ediciones S.A  |c 2005 
300 |a 239 p. :il. 
650 7 |a EDIFICIOS COMERCIALES - ARQUITECTURA 
650 7 |b  CENTRIO COMERCIALES 
650 7 |c  DISEÑO DE TIENDAS 
650 7 |d  DISEÑO DE INTERIORES PUBLICOS 
942 |c BK  |2 ddc 
991 |a TEXTO 
999 |c 6519